|
|
|
|
| LEADER |
00000nab a2200000uu 4500 |
| 001 |
vtls010891328 |
| 003 |
SK-MaSNL |
| 005 |
20260305001554.0 |
| 008 |
230218|2010 xo |||||||||||||||||eng| |
| 015 |
|
|
|a SNBRB
|
| 035 |
|
|
|a (urnnbn)urn:nbn:sk:snk:ar-006464
|
| 035 |
|
|
|a (uuid)722ebf91-2540-4a1b-9705-1685f0167af2
|
| 035 |
|
|
|a urn:nbn:sk:snk-ab8l55
|
| 040 |
|
|
|a SNKBUCL
|b slo
|c SNKBUCL
|e AACR2
|
| 041 |
0 |
|
|a eng
|
| 044 |
|
|
|a xo
|c SK
|
| 100 |
1 |
|
|a Cierny, D
|4 aut
|9 1576904
|
| 245 |
1 |
0 |
|a THE LEVEL OF TSH APPEARED FAVOURABLE IN MAINTAINING BONE MINERAL DENSITY IN POSTMENOPAUSAL WOMEN
|c D Cierny, J Payer, K Susienkova, L Baqi, P Jackuliak, P Langer, Z Killinger
|
| 700 |
1 |
|
|a Payer, Juraj,
|d 1958-
|4 aut
|9 190344
|
| 700 |
1 |
|
|a Susienkova, K
|4 aut
|9 1146400
|
| 700 |
1 |
|
|a Baqi, Lahim
|4 aut
|9 1134604
|
| 700 |
1 |
|
|a Jackuliak, Peter,
|d 1981-
|4 aut
|9 196464
|
| 700 |
1 |
|
|a Langer, Pavel,
|d 1929-2016
|4 aut
|9 217874
|
| 700 |
1 |
|
|a Killinger, Zdenko,
|d 1960-
|4 aut
|9 190338
|
| 773 |
0 |
|
|t Endocrine regulations
|g Roč. 44, č. 1 (2010), s. 9-15
|
| 958 |
|
|
|a OND
|
| 958 |
|
|
|a EUIPO
|
| 958 |
|
|
|a article10
|
| 999 |
|
|
|c 3220161
|d 3222091
|